000 00348nam a2200133Ia 4500
008 240624s9999 xx 000 0 und d
041 _aeng
082 _a658.827 CHU
100 _aCHUNAWALLA S A
245 _aCOMPENDIUM OF BRAND MANAGEMENT
260 _c2010
_aMumbai
_bHimalaya Books Pvt. Ltd.
300 _a322 : p. : cm. ; 23
365 _cRS
_b25
999 _c14835
_d14835